000 00889cam a2200277 a 4500
001 26644
003 BD-RjUL
005 20211209051039.0
008 750430s1975 fr a b i000 0 eng
020 _a9231012339
035 _a(BD-RjUL)26714
040 _aLC
_beng
_cLC
_dLC
041 _aeng
082 0 0 _a371.63
_bSCS 1975
110 0 _aScriven (F. B.) & Associates.
_9107190
245 1 0 _aSchool furniture development :
_ban evaluation /
_cby F. B. Scriven & Associates.
260 _aParis :
_bUnesco,
_cc1975
300 _a54 p. :
_bill. ;
_c27 cm.
504 _aBibliography: p. 53-54.
650 0 _aSchools
_xFurniture, equipment, etc.
_981871
830 _aEducational studies and documents. new ser. ; no. 16
_9107192
942 _2ddc
_cDOC
999 _c26644
_d26644